书目信息 |
| 题名: |
文风简论
|
|
| 作者: | 王伯熙 著 | |
| 分册: | ||
| 出版信息: | 北京 中国社会科学出版社 1979.02 |
|
| 页数: | 150页 | |
| 开本: | 19cm | |
| 丛书名: | ||
| 单 册: | ||
| 中图分类: | I02 | |
| 科图分类: | ||
| 主题词: | 文学理论--基本问题 | |
| 电子资源: | ||
| ISBN: | ||
| 000 | 00492nam0 2200193 45 | |
| 001 | 0309271581 | |
| 005 | 20060522172943.50 | |
| 010 | @dCNY0.32 | |
| 091 | @a7190.001 | |
| 100 | @a20030927d1979 km y0chiy0120 ea | |
| 101 | 0 | @achi |
| 200 | 1 | @a文风简论@AWen Feng Jian Lun@f王伯熙著@FWang Bo Xi Zhu |
| 210 | @a北京@c中国社会科学出版社@d1979.02 | |
| 215 | @a150页@d19cm | |
| 606 | 0 | @a文学理论@x基本问题 |
| 690 | @aI02@v3 | |
| 701 | 0 | @a王伯熙@4著 |
| 801 | @aCN@bTSTC@c20060522 | |
| 905 | @dI02@e5 | |
| 文风简论/王伯熙著.-北京:中国社会科学出版社,1979.02 |
| 150页;19cm |
| ISBN :CNY0.32 |
| ● |
| 相关链接 |
|
|
|
|
正题名:文风简论
索取号:I02/5
 
预约/预借
| 序号 | 登录号 | 条形码 | 馆藏地/架位号 | 状态 | 备注 |
| 1 | 0009476 | 001669563 | 密集书库/ [索取号:I02/5] | 在馆 | |
| 2 | 0009477 | 202363209 | 密集书库/ [索取号:I02/5] | 在馆 | |
| 3 | 0009478 | 202363165 | 密集书库/ [索取号:I02/5] | 在馆 | |
| 4 | 0009479 | 202363192 | 密集书库/ [索取号:I02/5] | 在馆 | |
| 5 | 0009480 | 202363129 | 密集书库/ [索取号:I02/5] | 在馆 | |
| 6 | 0009481 | 001906520 | 密集书库/ [索取号:I02/5] | 在馆 | |
| 7 | 0009482 | 001669536 | 密集书库/ [索取号:I02/5] | 在馆 | |
| 8 | 0009483 | 001669395 | 密集书库/ [索取号:I02/5] | 在馆 | |
| 9 | 0009484 | 001669607 | 密集书库/ [索取号:I02/5] | 在馆 | |
| 10 | 0009485 | 001669590 | 密集书库/ [索取号:I02/5] | 在馆 | |
| 11 | 0009486 | 001669386 | 密集书库/ [索取号:I02/5] | 在馆 | |
| 12 | 0009487 | 001669554 | 密集书库/ [索取号:I02/5] | 在馆 | |
| 13 | 0009488 | 001669545 | 密集书库/ [索取号:I02/5] | 在馆 | |
| 14 | 0009489 | 001669322 | 密集书库/ [索取号:I02/5] | 在馆 | |
| 15 | 0009498 | 202363183 | 密集书库/ [索取号:I02/5] | 在馆 | |
| 16 | 0009499 | 001669493 | 密集书库/ [索取号:I02/5] | 在馆 | |
| 17 | 0009500 | 001669304 | 密集书库/ [索取号:I02/5] | 在馆 | |
| 18 | 0009501 | 001671364 | 密集书库/ [索取号:I02/5] | 在馆 | |
| 19 | 0009502 | 202363110 | 密集书库/ [索取号:I02/5] | 在馆 | |
| 20 | 0009503 | 001671355 | 密集书库/ [索取号:I02/5] | 在馆 | |
| 21 | 0009504 | 001671346 | 密集书库/ [索取号:I02/5] | 在馆 | |
| 22 | 0009505 | 001669581 | 密集书库/ [索取号:I02/5] | 在馆 | |
| 23 | 0009506 | 202363174 | 密集书库/ [索取号:I02/5] | 在馆 | |
| 24 | 0009507 | 001669359 | 密集书库/ [索取号:I02/5] | 在馆 | |
| 25 | 0009508 | 001669402 | 密集书库/ [索取号:I02/5] | 在馆 | |
| 26 | 0009509 | 001906566 | 密集书库/ [索取号:I02/5] | 在馆 | |
| 27 | 0009511 | 001669297 | 密集书库/ [索取号:I02/5] | 在馆 | |
| 28 | 0009512 | 001669331 | 密集书库/ [索取号:I02/5] | 在馆 | |
| 29 | 0009513 | 001669368 | 密集书库/ [索取号:I02/5] | 在馆 | |
| 30 | 0009514 | 001669377 | 密集书库/ [索取号:I02/5] | 在馆 | |
| 31 | 0009515 | 001669340 | 密集书库/ [索取号:I02/5] | 在馆 | |
| 32 | 0009516 | 001671337 | 密集书库/ [索取号:I02/5] | 在馆 | |
| 33 | 0009517 | 001669313 | 密集书库/ [索取号:I02/5] | 在馆 | |
| 34 | 0029106 | 202068172 | 第一样本阅览室/ [索取号:I02/5] | 在馆 |